Happy Halloween, Daniel Tiger! : (Record no. 402297)
[ view plain ]
| 000 -LEADER | |
|---|---|
| fixed length control field | 01993cam a22004937i 4500 |
| 001 - CONTROL NUMBER | |
| control field | 18344346 |
| 005 - DATE AND TIME OF LATEST TRANSACTION | |
| control field | 20241204161149.0 |
| 008 - FIXED-LENGTH DATA ELEMENTS--GENERAL INFORMATION | |
| fixed length control field | 141022s2014 nyua j 000 1 eng d |
| 010 ## - LIBRARY OF CONGRESS CONTROL NUMBER | |
| LC control number | 2014430063 |
| 020 ## - INTERNATIONAL STANDARD BOOK NUMBER | |
| International Standard Book Number | 9781481404297 |
| 020 ## - INTERNATIONAL STANDARD BOOK NUMBER | |
| International Standard Book Number | 1481404296 |
| 035 ## - SYSTEM CONTROL NUMBER | |
| System control number | (OCoLC)ocn860755821 |
| 040 ## - CATALOGING SOURCE | |
| Original cataloging agency | BTCTA |
| Language of cataloging | eng |
| Transcribing agency | BTCTA |
| Description conventions | rda |
| Modifying agency | BDX |
| -- | SINLB |
| -- | OCLCO |
| -- | IEP |
| -- | DLC |
| -- | DLC |
| 042 ## - AUTHENTICATION CODE | |
| Authentication code | lccopycat |
| 050 00 - LIBRARY OF CONGRESS CALL NUMBER | |
| Classification number | PZ7.S23825 |
| Item number | Hap 2014 |
| 082 04 - DEWEY DECIMAL CLASSIFICATION NUMBER | |
| Classification number | [E] |
| Edition number | 23 |
| 092 ## - LOCALLY ASSIGNED DEWEY CALL NUMBER (OCLC) | |
| Classification number | children holiday board book |
| Item number | Daniel Tiger |
| 100 1# - MAIN ENTRY--PERSONAL NAME | |
| Personal name | Santomero, Angela C, |
| Relator term | author. |
| 9 (RLIN) | 48424 |
| 245 10 - TITLE STATEMENT | |
| Title | Happy Halloween, Daniel Tiger! : |
| Remainder of title | a lift-the-flap book / |
| Statement of responsibility, etc | by Angela C. Santomero. |
| 250 ## - EDITION STATEMENT | |
| Edition statement | First edition. |
| 264 #1 - Production, Publication, Distribution, Manufacture, and Copyright Notice. | |
| Place of production, publication, distribution, manufacture | New York : |
| Name of producer, publisher, distributor, manufacturer | Simon Spotlight, an imprint of Simon & Schuster Children's Publishing Division, |
| Date of production, publication, distribution, manufacture, or copyr | [2014] |
| 300 ## - PHYSICAL DESCRIPTION | |
| Extent | 1 volume (unpaged) : |
| Other physical details | color illustrations ; |
| Dimensions | 19 cm |
| 336 ## - Content Type | |
| Content type term | text |
| 336 ## - Content Type | |
| Content type term | still image |
| 337 ## - Media type | |
| Media type term | unmediated |
| 338 ## - Carrier type | |
| Carrier type term | volume |
| 500 ## - GENERAL NOTE | |
| General note | Cover title. |
| 500 ## - GENERAL NOTE | |
| General note | At head of title: Daniel Tiger's neighborhood. |
| 500 ## - GENERAL NOTE | |
| General note | "Inspired by the classic series 'Mister Rogers' Neighborhood'"--Page 4 of cover. |
| 520 ## - SUMMARY, ETC. | |
| Summary, etc | With Halloween soon to arrive, little Daniel Tiger and his friends pick out special costumes to wear in the holiday parade through the neighborhood. |
| 650 #0 - SUBJECT ADDED ENTRY--TOPICAL TERM | |
| Topical term or geographic name as entry element | Lift-the-flap books |
| Form subdivision | Specimens. |
| 9 (RLIN) | 5716738 |
| 650 #0 - SUBJECT ADDED ENTRY--TOPICAL TERM | |
| Topical term or geographic name as entry element | Toy and movable books |
| Form subdivision | Specimens. |
| 9 (RLIN) | 5675104 |
| 650 #0 - SUBJECT ADDED ENTRY--TOPICAL TERM | |
| Topical term or geographic name as entry element | Board books. |
| 650 #1 - SUBJECT ADDED ENTRY--TOPICAL TERM | |
| Topical term or geographic name as entry element | Halloween |
| Form subdivision | Fiction. |
| 9 (RLIN) | 5684667 |
| 650 #1 - SUBJECT ADDED ENTRY--TOPICAL TERM | |
| Topical term or geographic name as entry element | Holidays |
| Form subdivision | Fiction. |
| 9 (RLIN) | 5674138 |
| 650 #1 - SUBJECT ADDED ENTRY--TOPICAL TERM | |
| Topical term or geographic name as entry element | Tigers |
| Form subdivision | Fiction. |
| 9 (RLIN) | 5709746 |
| 650 #1 - SUBJECT ADDED ENTRY--TOPICAL TERM | |
| Topical term or geographic name as entry element | Big cats |
| Form subdivision | Fiction. |
| 9 (RLIN) | 6497202 |
| 650 #1 - SUBJECT ADDED ENTRY--TOPICAL TERM | |
| Topical term or geographic name as entry element | Lift-the-flap books. |
| 650 #1 - SUBJECT ADDED ENTRY--TOPICAL TERM | |
| Topical term or geographic name as entry element | Toy and movable books. |
| 650 #1 - SUBJECT ADDED ENTRY--TOPICAL TERM | |
| Topical term or geographic name as entry element | Board books. |
| 730 0# - ADDED ENTRY--UNIFORM TITLE | |
| Uniform title | Daniel Tiger's neighborhood (Television program). |
| 9 (RLIN) | 5693834 |
| 856 42 - ELECTRONIC LOCATION AND ACCESS | |
| Materials specified | Publisher description |
| Uniform Resource Identifier | <a href="http://www.loc.gov/catdir/enhancements/fy1507/2014430063-d.html">http://www.loc.gov/catdir/enhancements/fy1507/2014430063-d.html</a> |
| 942 ## - ADDED ENTRY ELEMENTS (KOHA) | |
| Source of classification or shelving scheme | Dewey Decimal Classification |
| Koha item type | BOOK |
| Withdrawn status | Lost status | Source of classification or shelving scheme | Damaged status | Not for loan | Collection code | Home library | Current library | Shelving location | Date acquired | Source of acquisition | Total Checkouts | Total Renewals | Full call number | Barcode | Date last seen | Date checked out | Cost, replacement price | Price effective from | Koha item type |
|---|---|---|---|---|---|---|---|---|---|---|---|---|---|---|---|---|---|---|---|
| Dewey Decimal Classification | Children Holiday Board Books | Wasatch County Library | Wasatch County Library | Main Floor Childrens Area | 12/04/2024 | Donation | 6 | 1 | BB Halloween Daniel Tiger | 34301002139014 | 02/19/2026 | 02/03/2026 | 6.99 | 12/04/2024 | BOOK |
